Länder nach UN-Beitritt - Statistiken

Allgemein
  • Dieses Quiz wurde 18 mal gespielt
  • Das Durchschnittsergebnis liegt bei 4 aus 10
Antwortstatistiken
Jahr Kontinent Land % Korrekt
2011 Afrika Südsudan
88%
1949 Asien Israel
63%
1994 Ozeanien Palau
63%
2006 Europa Montenegro
56%
1970 Ozeanien Fidschi
38%
1950 Asien Indonesien
19%
1967 Asien Jemen
19%
1984 Asien Brunei
13%
1958 Afrika Guinea
13%
1979 Amerika St. Lucia
6%
Keine übereinstimmenden Quizze gefunden
Verteilung der Resultate
Anzahl Personen mit jedem Resultat
Perzentil nach korrekt beantworteten Fragen
Ihre Resultats-Entwicklung
Sie haben dieses Quiz noch nicht gespielt